فصیل لفظ / (Record no. 189870)

MARC details
000 -LEADER
fixed length control field 00645nam a22001937a 4500
005 - DATE AND TIME OF LATEST TRANSACTION
control field 20220714103622.0
010 ## - LCCN (DPL NO)
LC control number UR-11647
020 ## - INTERNATIONAL STANDARD BOOK NUMBER
International Standard Book Number 9789390789405
Terms of availability 250.00
035 ## - SYSTEM CONTROL NUMBER
System control number U-10202
037 ## - SOURCE OF ACQUISITION
Source of stock number/acquisition DBAD/PUB
Stock number -
082 ## - DEWEY DECIMAL CLASSIFICATION NUMBER
Classification number 808.88
100 ## - MAIN ENTRY--PERSONAL NAME
Personal name عبد الحلیم انصا ری
245 ## - TITLE STATEMENT
Title فصیل لفظ /
Statement of responsibility, etc عبد الحلیم انصا ری
Medium ا ر د و
246 ## - VARYING FORM OF TITLE
Title proper/short title Faseel-E-Lafz /
Remainder of title by Abdul Halim Ansari
260 ## - PUBLICATION, DISTRIBUTION, ETC. (IMPRINT)
Place of publication, distribution, etc New Delhi
Name of publisher, distributor, etc Educational Publishing House
Date of publication, distribution, etc 2021 ء
270 ## - ADDRESS
Address H.o. D1/16, Ansari Road, Daryaganj
City New Delhi
Postal code 110002
300 ## - PHYSICAL DESCRIPTION
Extent 148 ص
Dimensions 23cm(Hb)
942 ## - ADDED ENTRY ELEMENTS (KOHA)
Source of classification or shelving scheme Dewey Decimal Classification
Item type Urdu Bks
Classification part 808.88
Call number suffix ع ب د
Holdings
Withdrawn status Lost status Not for loan Collection code Home library Current library Date acquired Source of acquisition Cost, normal purchase price Full call number Barcode Copy number Cost, replacement price Koha item type
      Non-fiction Central Library Central Library 14/07/2022 DBAD/PUB 250.00 808.88 ع ب د U-10202 1 250.00 Urdu Bks

© Delhi Public Library
Hit Counter
free hit counter